Santa cólera
Αποθηκεύτηκε σε:
| Κύριος συγγραφέας: | |
|---|---|
| Μορφή: | Βιβλίο |
| Γλώσσα: | Ισπανικά |
| Έκδοση: |
Barcelona
Luis de Caralt
1965
|
| Θέματα: | |
| Ετικέτες: |
Προσθήκη ετικέτας
Δεν υπάρχουν, Καταχωρήστε ετικέτα πρώτοι!
|
MARC
| LEADER | 00000nam a2200000 a 4500 | ||
|---|---|---|---|
| 001 | UCZ7441 | ||
| 003 | CL-VaPUC | ||
| 008 | 960105e19650000SP |||||||||||||||||spa|d | ||
| 082 | 0 | 4 | |a 261.21 |b SAI |2 21 |
| 100 | 0 | |a Saint Pierre, Michel de |e author |9 352325 | |
| 245 | 1 | 0 | |a Santa cólera |
| 300 | |a 284 p | ||
| 942 | |c BK | ||
| 945 | |d 19960105 00:00:00 |a rleighto | ||
| 260 | |a Barcelona |b Luis de Caralt |c 1965 | ||
| 650 | 0 | |a Sacerdotes |9 315705 | |
| 650 | 0 | |a Religión |9 255164 | |
| 650 | 0 | |a Iglesia |9 255004 | |
| 650 | 0 | |a Personas no religiosas |9 349308 | |
| 583 | |a last modification |c 19960105 00:00:00 |k Rodrigo Vera | ||
| 999 | |c 243518 |d 243516 | ||
| 952 | |0 0 |1 0 |4 0 |6 261_210000000000000_SAI_1965 |7 0 |8 P |9 257184 |a BIBEDU |b BIBEDU |c BIBEDU_PB |d 2019-11-19 |i 3165922 |o 261.21 SAI 1965 |p 3165922 |r 2024-01-25 |w 2019-11-19 |y BK |k LIT | ||